000 00455nam a22001817a 4500
005 20230118115157.0
008 221220b |||||||| |||| 00| 0 eng d
020 _a978-07020-7011-2
041 _aeng
082 _a615 WHI-C
100 _aROGER AND WALKER CHURCH
_97459
245 _aCLINICAL PHARMACY AND THERAPEUTICS
250 _a6th ed.
260 _bELSEVIER
_c2019
300 _a1094;P.
650 _aPHARMACY
_xD.PHARMA
_97090
942 _cBK
999 _c8160
_d8158